Fr. Conceicao Rodrigues College of Engineering

Hacker''''s guide to Visual basic (Record no. 23455)

MARC details
000 -LEADER
fixed length control field 00338nam a2200145Ia 4500
082 ## - DEWEY DECIMAL CLASSIFICATION NUMBER
Classification number 5.265
Item number che/mon
100 ## - MAIN ENTRY--PERSONAL NAME
Personal name Chen/ V/ Montgomery/ John
245 ## - TITLE STATEMENT
Title Hacker''''s guide to Visual basic
260 ## - PUBLICATION, DISTRIBUTION, ETC.
Name of publisher, distributor, etc. Addison Wesley Pub
Place of publication, distribution, etc. Reading
Date of publication, distribution, etc. 1996
300 ## - PHYSICAL DESCRIPTION
Extent 681
546 ## - LANGUAGE NOTE
Language note ENGLISH
654 ## - SUBJECT ADDED ENTRY--FACETED TOPICAL TERMS
Focus term Computer
942 ## - ADDED ENTRY ELEMENTS (KOHA)
Koha item type BOOK
Holdings
Withdrawn status Lost status Damaged status Not for loan Collection Home library Current library Shelving location Date acquired Total Checkouts Full call number Barcode Date last seen Price effective from Koha item type
        CRC Fr. Agnel's C.Rodrigues College of Engineering Fr. Agnel's C.Rodrigues College of Engineering   17/03/2023   5.265 che/mon 9360 17/03/2023 17/03/2023 BOOK